Beliefs, reasoning, and decision making : psycho-logic in honor of Bob Abelson (Record no. 113820)

MARC details
000 -LEADER
fixed length control field 00795nam a2200253Ia 4500
008 - FIXED-LENGTH DATA ELEMENTS--GENERAL INFORMATION
fixed length control field 191130s1994##################000#0#eng##
020 ## - INTERNATIONAL STANDARD BOOK NUMBER
ISBN 9780805814569
082 ## - DEWEY DECIMAL CLASSIFICATION NUMBER
Classification number 153 SCH
245 ## - TITLE STATEMENT
Title Beliefs, reasoning, and decision making : psycho-logic in honor of Bob Abelson
Statement of responsibility, etc edited by Roger C. Schank, Ellen Langer
260 ## - PUBLICATION, DISTRIBUTION, ETC. (IMPRINT)
Place of publication Hillsdale, NJ
Name of publisher L. Erlbaum
Year of publication 1994
300 ## - PHYSICAL DESCRIPTION
Number of Pages ix, 426 p. : ill. ; 24 cm.
500 ## - GENERAL NOTE
General note Includes bibliographical references and indexes
650 ## - SUBJECT ADDED ENTRY--TOPICAL TERM
Topical Term Cognition
Topical Term Decision making
Topical Term Reasoning (Psychology)
700 ## - ADDED ENTRY--PERSONAL NAME
Personal name Abelson, Robert P
Personal name Langer, Ellen J
Personal name Schank, Roger C
991 ## -
-- 217802
Holdings
Withdrawn status Lost status Damaged status Not for loan Home library Current library Shelving location Date acquired Full call number Accession Number Price effective from Koha item type
        Anna Centenary Library Anna Centenary Library 3RD FLOOR, A WING 12.10.2020 153 SCH 288265 12.10.2020 English Books

Find us on the map